000 00553nam a22002057a 4500
005 20250220102524.0
008 250220b |||||||| |||| 00| 0 eng d
020 _a9781482205435
040 _cPK-LaUMT
082 _a004.678
_bCHA-E
100 _aChandrasekaran, K.
_94643
245 _aEssentials of cloud computing /
_cby K. Chandrasekaran
260 _aBoca Raton :
_bCRC Press,
_c2015
300 _a385 p.
650 _aCloud computing
_93589
650 _aComputer science
650 _aInternet
_92521
650 _aWWW
_94644
942 _cBK
999 _c136933
_d136933